Willis’s practice and procedure for the quantity surveyor

Guardat en:
Dades bibliogràfiques
Autor principal: ASHWORTH, Allan
Format: Llibre
Idioma:anglès
Publicat: John Wiley 2013.
Etiquetes: Afegir etiqueta
Sense etiquetes, Sigues el primer a etiquetar aquest registre!

MARC

LEADER 00000nam a22000007a 4500
008 201216b ||||| |||| 00| 0 eng d
020 |a ISBN: 978-0-470-67219-8 
100 |a ASHWORTH, Allan 
245 |a Willis’s practice and procedure for the quantity surveyor  |c Allan Ashworth, Keith Hogg, Catherine Higgs  |g . xi, 426p.; ill 
250 |b 13th ed 
260 |b John Wiley  |c  2013.   |h West Sussex, U. K.:   |i 691413  |i 691414  |l TH435 .As3  |m Building – Estimates – Great Britain. 
500 |a “It includes bibliographical references and index”. 
942 |a lcc  |c BK  |e Olagoke,M A  |f 16/12/2020 
952 |0 0  |1 0  |2 lcc  |4 0  |6 TH0435 A S3  |7 0  |9 597  |a HOL  |b EDM  |c QZ  |d 2020-12-16  |l 0  |o TH435 .As3  |p 2020-22916  |r 2020-12-16 00:00:00  |w 2020-12-16  |y BK 
952 |0 0  |1 0  |2 lcc  |4 0  |7 0  |9 599  |a HOL  |b HOL  |c QZ  |d 2020-12-16  |o TH435 .As3  |p 2020-22918  |r 2020-12-16 00:00:00  |w 2020-12-16  |y BK 
999 |c 334  |d 334